书目信息 |
| 题名: |
立体几何
|
|
| 作者: | 杨荣祥 编 | |
| 分册: | ||
| 出版信息: | 上海 上海科学技术出版社 1982 |
|
| 页数: | 306页 | |
| 开本: | 19cm | |
| 丛书名: | 数理化自学丛书 | |
| 单 册: | ||
| 中图分类: | O123.2 | |
| 科图分类: | ||
| 主题词: | 立体几何 | |
| 电子资源: | ||
| ISBN: | ||
| 000 | 00676nam2 2200265 45 | |
| 001 | 0182000822 | |
| 005 | 20070707160104.60 | |
| 010 | @dCNY0.70 | |
| 091 | @aCN@b13119.727 | |
| 100 | @a19950112d1982 em y0chiy0121 ea | |
| 101 | 0 | @achi |
| 102 | @aCN@b310000 | |
| 105 | @ay z 000yy | |
| 200 | 10 | @a立体几何@Ali ti ji he@f杨荣祥编 |
| 205 | @a2版 | |
| 210 | @a上海@c上海科学技术出版社@d1982 | |
| 215 | @a306页@d19cm | |
| 225 | 2 | @a数理化自学丛书 |
| 410 | 0 | @120010@a数理化自学丛书 |
| 606 | @a立体几何 | |
| 690 | @aO123.2@v3 | |
| 701 | 0 | @a杨荣祥@Ayang rong xiang@4编 |
| 801 | 0 | @aCN@bTSSF@c20070707 |
| 801 | 2 | @aCN@bNLC@c20060724 |
| 905 | @a10447@dO123.2@e219=2 | |
| 立体几何/杨荣祥编.-2版.-上海:上海科学技术出版社,1982 |
| 306页;19cm.-(数理化自学丛书) |
| ISBN :CNY0.70 |
| ● |
| 相关链接 |
|
|
|
|
正题名:立体几何
索取号:O123.2/219=2
 
预约/预借
| 序号 | 登录号 | 条形码 | 馆藏地/架位号 | 状态 | 备注 |
| 1 | 0431249 | 204312494 | 密集书库/ [索取号:O123.2/219=2] | 在馆 | |
| 2 | 0765957 | 207659577 | 密集书库/ [索取号:O123.2/219=2] | 在馆 | |
| 3 | 0765958 | 207659586 | 密集书库/ [索取号:O123.2/219=2] | 在馆 | |
| 4 | 0765959 | 207659595 | 密集书库/ [索取号:O123.2/219=2] | 在馆 |